<?xml version="1.0" encoding="UTF-8"?>
<collection xmlns="http://www.loc.gov/MARC21/slim">
  <record>
    <leader>00000nam  2200000   4500</leader>
    <controlfield tag="001">INLIS000000000589799</controlfield>
    <controlfield tag="005">20260117102034</controlfield>
    <datafield tag="035" ind1="#" ind2="#">
      <subfield code="a">0010-0825000002</subfield>
    </datafield>
    <controlfield tag="006">a    g b    000 0</controlfield>
    <controlfield tag="007">ta</controlfield>
    <controlfield tag="008">260117###########################0######</controlfield>
    <datafield tag="020" ind1="#" ind2="#">
      <subfield code="a">978-979-1254-65-6</subfield>
    </datafield>
    <datafield tag="040" ind1="#" ind2="#">
      <subfield code="a">JKPNPNA</subfield>
      <subfield code="b">ind</subfield>
    </datafield>
    <datafield tag="041" ind1="1" ind2="#">
      <subfield code="a">ind</subfield>
      <subfield code="h">ara</subfield>
    </datafield>
    <datafield tag="082" ind1="#" ind2="#">
      <subfield code="a">297.98</subfield>
    </datafield>
    <datafield tag="084" ind1="#" ind2="#">
      <subfield code="a">297.98 FAR b</subfield>
    </datafield>
    <datafield tag="100" ind1="1" ind2="#">
      <subfield code="a">Farid, AHmad,</subfield>
    </datafield>
    <datafield tag="245" ind1="1" ind2="#">
      <subfield code="a">Biografi 60 ulama Ahlussunnah :</subfield>
      <subfield code="b">yang paling berpengaruh &amp; fenomenal dalam sejarah Islam /</subfield>
      <subfield code="c">penulis, Syaikh Ahmad Farid ; penerjemah, Ahmad Syaikhu</subfield>
    </datafield>
    <datafield tag="260" ind1="#" ind2="#">
      <subfield code="a">Jakarta :</subfield>
      <subfield code="b">Darul Haq,</subfield>
      <subfield code="c">2012.</subfield>
    </datafield>
    <datafield tag="300" ind1="#" ind2="#">
      <subfield code="a">xlviii, 956 hlm. ;</subfield>
      <subfield code="c">25 cm.</subfield>
    </datafield>
    <datafield tag="500" ind1="#" ind2="#">
      <subfield code="a">Judul asli : Min A'lam as-Salaf</subfield>
    </datafield>
    <datafield tag="500" ind1="#" ind2="#">
      <subfield code="a">Teks dalam bahasa Indonesia, diterjemahkan dari bahasa Arab</subfield>
    </datafield>
    <datafield tag="504" ind1="#" ind2="#">
      <subfield code="a">Bibliografi : hlm. 953-958</subfield>
    </datafield>
    <datafield tag="650" ind1="#" ind2="4">
      <subfield code="a">Alim Ulama</subfield>
      <subfield code="x">Biografi</subfield>
    </datafield>
    <datafield tag="700" ind1=" " ind2="#">
      <subfield code="a">Ahmad Syaikhu</subfield>
    </datafield>
    <datafield tag="740" ind1=" " ind2="#">
      <subfield code="a">Min A'lam as-Salaf</subfield>
    </datafield>
    <datafield tag="850" ind1="#" ind2="#">
      <subfield code="a">JKPNPNA</subfield>
    </datafield>
    <datafield tag="505" ind1="#" ind2="#">
      <subfield code="a">Buku yang akan segera Anda miliki ini merupakan buku kumpulan enam puluh ulama pilihan di zamannya. Siapa sajakah mereka? Siapa yang tidak mengenal Masruq bin Al-Ajda', beliau adalah penuntut ilmu yang paling giat di muka bumi. Apa pendapatmu tentang Sa'id bin Al-Musayyab? Beliau adalah seorang Imam yang tsiqah dari kota Madinah, tapi sukunya Quraisy.&#13;
&#13;
Temukan ulasan selengkapnya dengan memiliki buku “Biografi 60 Ulama Ahlussunnah” ini. Semoga kita bisa mendapatkan faedah serta meneladani perjalanan hidup para ulama dengan membaca buku ini.</subfield>
    </datafield>
    <datafield tag="990" ind1="#" ind2="#">
      <subfield code="a">00000000011</subfield>
    </datafield>
  </record>
</collection>
